MARC

LEADER 00000n m0a2200000 4500
001 370909
005 20231102012327.0
035 |a (RuTPU)RU\TPU\retro\28318 
035 |a RU\TPU\book\339802 
090 |a 370909 
100 |a 20220816d1980 m y0rusy50 ca 
101 1 |a fre  |c rus 
102 |a RU 
105 |a a j 000zy 
200 1 |a Основные приемы и способы выполнения электромонтажных работ  |d Manuel du monteur-tlectricien  |e [учебное пособие]  |f А. Ф. Ктиторов 
210 |a Москва  |c Мир  |d 1980 
215 |a 216 с.  |c ил. 
300 |a На французском языке 
510 1 |a Manuel du monteur-tlectricien  |z fre 
606 1 |a Электромонтажные работы  |2 stltpush  |3 (RuTPU)RU\TPU\subj\20281  |9 45391 
610 1 |a учебные пособия 
610 1 |a разметка 
610 1 |a крепежные работы 
610 1 |a пробивные работы 
610 1 |a провода 
610 1 |a жилы 
610 1 |a соединения 
610 1 |a ответвители 
610 1 |a медные жилы 
610 1 |a опрессовка 
610 1 |a электросварка 
610 1 |a пайка 
610 1 |a газовая сварка 
610 1 |a термитная сварка 
610 1 |a французский язык 
675 |a 621.31.002.72(075.3)  |v 4 
700 1 |a Ктиторов  |b А. Ф.  |g Анатолий Филиппович 
801 1 |a RU  |b 63413507  |c 20160212 
801 2 |a RU  |b 63413507  |c 20220816  |g RCR 
942 |c BK